000 00296nam a22001337a 4500
008 171024b xxu||||| |||| 00| 0 eng d
020 _a03953260131317
041 _aeng
080 _2311
_a311
100 _a55
101 _aSTA
245 _aBUSSINESS STATISTICS
_cTERRELL.D
942 _2udc
_cBK
999 _c35688
_d35688